000 00799nam a2200265 a 4500
001 19990
003 BD-RjUL
005 20211209000516.0
008 821005s1981 ii b 001 0 eng
020 _a0195613503 :
035 _a(BD-RjUL)20051
040 _aDLC
_cDLC
_dDLC
_dBD-RjUL
_beng
041 _aeng
082 0 0 _a331.0954
_219
_bRAI
100 1 _aRamaswamy, E. A.
_99488
245 1 0 _aIndustry and labour :
_ban introduction /
_cE.A. Ramaswamy and Uma Ramaswamy.
260 _aDelhi :
_bOxford University Press,
_c1981.
300 _aviii, 284 p. ;
_c23 cm.
504 _aIncludes bibliographical references and index.
650 0 _aIndustrial relations
_zIndia.
_98796
700 1 _aRamaswamy, Uma.
_99489
942 _2ddc
_cBK
999 _c19990
_d19990